Reflexiones

Zapisane w:
Opis bibliograficzny
Format: Texto
Etykiety: Dodaj etykietę
Nie ma etykietki, Dołącz pierwszą etykiete!

MARC

LEADER 00000 a a2200000 04500
001 17545
003
040
245 |a Reflexiones  
773 |g número 73; páginas 673  
999 |c 24994  |d 24994